| 000 | 00767cam a2200253 4500 | ||
|---|---|---|---|
| 001 | J103929 | ||
| 008 | 000000n1999 000 0 eng u | ||
| 035 | _a(Sirsi) u103929 | ||
| 050 | _a333.16 | ||
| 110 |
_aUnited Kingdom _bNational Audit Office _91350 |
||
| 245 | _aHighways Agency: Getting the best value from the disposal of property. | ||
| 260 |
_aLondon _bStationery Office _c1999 |
||
| 300 | _a62p. ; 30cm | ||
| 350 | _a10.15 | ||
| 520 | _aDiscusses the disposal of land and property acquired for planned road schemes. | ||
| 650 | _aROADS PROGRAMME | ||
| 650 | _aHIGHWAYS AGENCY | ||
| 650 | _aREPAIRS AND MAINTENANCE | ||
| 650 | _aSURPLUS PROPERTY | ||
| 650 | _aLAND DISPOSAL | ||
| 650 | _aVACANT PROPERTY | ||
| 690 | _aPROPERTY | ||
| 942 | _n0 | ||
| 999 |
_c100190 _d100190 |
||